| 000 | 00000nam 2200000zi 4500 |
| 001 | 9.894092 |
| 003 | CaOODSP |
| 005 | 20230426143959 |
| 006 | m o d f |
| 007 | cr |n||||||||| |
| 008 | 201126e19761220onc|||| o f00| 0|eng d |
| 040 | |aCaOODSP|beng|erda|cCaOODSP |
| 043 | |an-cn--- |
| 086 | 1 |aC23-190/1976E-PDF |
| 100 | 1 |aBeĢlanger, Marcel D., |eauthor. |
| 245 | 13|aAn analysis of regional productivity variations in Canadian manufacturing industries / |cMarcel D. Bélanger, Ken Peake. |
| 264 | 1|a[Ottawa] : |bPolicy Analysis Branch, Industry, Trade and Commerce, |cDecember 20, 1976. |
| 300 | |a1 online resource (1 volume (various pagings)) |
| 336 | |atext|btxt|2rdacontent |
| 337 | |acomputer|bc|2rdamedia |
| 338 | |aonline resource|bcr|2rdacarrier |
| 500 | |aDigitized edition from print [produced by Innovation, Science and Economic Development Canada]. |
| 500 | |a"Policy Analysis Branch Occasional Paper #1." |
| 650 | 0|aIndustrial productivity|zCanada. |
| 650 | 0|aLabor productivity|zCanada. |
| 650 | 6|aProductivité|zCanada. |
| 710 | 1 |aCanada. |bDepartment of Industry, Trade and Commerce, |eissuing body. |
| 856 | 40|qPDF|s1.25 MB|uhttps://publications.gc.ca/collections/collection_2023/isde-ised/c23/C23-190-1976-eng.pdf |